• 首页
  • 本馆介绍
  • 公告通知
  • 最新文献
  • 馆藏检索
  • 电子资源
  • 读者导购
  • 参考咨询
  • 我的图书馆
  • 登录
  • 详细信息显示
  • 放入我的书架
  • 预约/预借图书
  • 作者相关作品
  • 分类相关作品
  • 丛书相关作品
  • 出版社相关作品

书目信息

  • 表格格式
  • 工作单格式
  • 卡片格式
题名:
地球之美
    
 
作者: 德韦弗 著 ;布翁克里斯蒂亚尼 , 秦淑娟 , 张琦 绘
分册:  
出版信息: 北京   新星出版社  2017.06
页数: 408页
开本: 22cm
丛书名: 新经典文库
单 册:
中图分类: P183-49
科图分类:
主题词: 地球--普通读物
电子资源:
ISBN: 978-7-5133-2405-2
000 01116oam2 2200277 450
001 3885
005 20181008170854.90
010    @a978-7-5133-2405-2@b精装@dCNY168.00
100    @a20170802d2017 em y0chiy50 ea
101 1  @achi@ceng
102    @aCN@b110000
105    @aa z 000yy
200 1  @a地球之美@9di qiu zhi mei@e一部看得见的地球简史@f(法)帕特里克·德韦弗(Patrick De Wever)著@g(法)让-弗朗索瓦·布翁克里斯蒂亚尼(Jean-Francois Buoncristinai)绘@g秦淑娟,张琦译
210    @a北京@c新星出版社@d2017.06
215    @a408页@c彩图@d22cm
225 1  @a新经典文库@v1173
330    @a地球的历史是过去的历史,因此我们需要用留存下来的元素进行重构:化石、化学指标、构造,这些线索的收集帮助人们在具体的场所重构过去的环境。
461  0 @12001 @a新经典文库
606 0  @a地球@j普通读物
690    @aP183-49@v5
701  0 @c(法)@a德韦弗@9de wei fu@c(De Wever, Patrick)@4著
702  0 @c(法)@a布翁克里斯蒂亚尼@9bu weng ke li si di ya ni@c(Buoncristinai, Jean-Francois)@4绘
702  0 @a秦淑娟@9qin shu juan@4译
702  0 @a张琦@9zhang qi@4译
801  0 @aCN@b91MARC@c20170802
905    @aMuseLib@dP183-49@e272
    
    地球之美:一部看得见的地球简史/(法)帕特里克·德韦弗(Patrick De Wever)著/(法)让-弗朗索瓦·布翁克里斯蒂亚尼(Jean-Francois Buoncristinai)绘/秦淑娟,张琦译.-北京:新星出版社,2017.06
    408页:彩图;22cm.-(新经典文库;1173)
    
    
    ISBN 978-7-5133-2405-2(精装):CNY168.00
    地球的历史是过去的历史,因此我们需要用留存下来的元素进行重构:化石、化学指标、构造,这些线索的收集帮助人们在具体的场所重构过去的环境。
●
相关链接 在E读中查询图书 在五车中查询图书 在当当中查询图书 在豆瓣中查询图书


正题名:地球之美     索取号:P183-49/272         预约/预借

序号 登录号 条形码 馆藏地/架位号 状态 备注
1 1124019   211240192   第二样本阅览室/ [索取号:P183-49/272] 在馆    
2 1124020   211240209   第三借阅区/ [索取号:P183-49/272] 在馆    
唐山师范学院图书馆 欢迎您!
大连网信软件有限公司© 版权所有